| 000 | 00379nam a2200157Ia 4500 | ||
|---|---|---|---|
| 008 | 230524s9999 xx 000 0 und d | ||
| 082 |
_a621.2 _bKOS |
||
| 100 | _aIrving L.Kosow | ||
| 245 | 0 | _aElectric Machinery and Transformers | |
| 250 | _a2ND | ||
| 260 |
_aNEW DELHI _bPHI _c2007 |
||
| 300 | _aX;622 | ||
| 500 | _aQuantity Number: 4 | ||
| 650 | _aElectrical | ||
| 942 | _cBK | ||
| 999 |
_c37355 _d37355 |
||